000 00493pab a2200169 454500
008 180718b1996 xxu||||| |||| 00| 0 eng d
100 _aKaladhar, K.
245 _aDesigning financial services for rural poor: retooling rural financial institutions?
260 _c1996
300 _ap.A117-22
362 _a28 Sep
650 _aPoverty - India
650 _aFinancial institutions - India
650 _aFinancial institutions
773 _aEconomic and Political Weekly
909 _a32303
999 _c32303
_d32303